000 00664nam a2200241 i 4500
001 45073
003 BD-RjUL
005 20211209053947.0
008 160723s1971 nyua 001 0 eng
035 _a(BD-RjUL)965645191
040 _aDLC
_cDLC
_dDLC
_dBD-RjUL
_beng
041 _aeng
082 0 0 _a540
_bMOC 1971
100 1 _aMortimer, Charles E.
_929763
245 1 0 _aChemistry :
_ba conceptual approach /
_cCharles E. Mortimer.
250 _a2nd ed.
260 _aNew York :
_bVan Nostrand,
_cc1971
300 _axii, 768 p. :
_bill. ;
_c24 cm.
504 _aIncludes index.
650 0 _aChemistry.
_929764
942 _2ddc
_cBK
999 _c45073
_d45073